[Event "Gothenburg op"]
[Site "Gothenburg"]
[Date "2022.08.14"]
[Round "8"]
[White "Ghaderi, Jamal"]
[Black "Jonbrink, Per Olof"]
[Result "0-1"]
[WhiteElo "1411"]
[BlackElo "1728"]
[PlyCount "78"]
[EventDate "2022.08.12"]
[EventType "swiss"]
[EventRounds "8"]
[EventCountry "SWE"]
[SourceTitle "CBM 209 Extra"]
[Source "ChessBase"]
[SourceDate "2022.09.30"]
[SourceVersion "1"]
[SourceVersionDate "2022.09.30"]
[SourceQuality "1"]

1. d4 Nf6 2. Nf3 e6 3. Bf4 d5 4. c3 Bd6 5. Bxd6 Qxd6 6. e3 Nbd7 7. Bd3 0-0 8. 0-0 c6 9. Nbd2 e5 10. dxe5 Nxe5 11. Qc2 Nxd3 12. Qxd3 Qe7 13. Rfe1 Ne4 14. Qd4 Bf5 15. Nxe4 dxe4 16. Qe5 Qxe5 17. Nxe5 Be6 18. f3 f6 19. Ng4 Rfd8 20. Nf2 exf3 21. gxf3 Rd2 22. b3 Bf5 23. e4 Be6 24. e5 f5 25. Red1 Rad8 26. c4 f4 27. Rxd2 Rxd2 28. Ne4 Rc2 29. Nc5 Bc8 30. Rd1 Bh3 31. e6 Kf8 32. Rd8+ Ke7 33. Rd7+ Kf6 34. Rf7+ Kg6 35. Rxf4 Rg2+ 36. Kh1 Rxa2 37. Kg1 Rg2+ 38. Kh1 Rf2 39. Kg1 Rf1# 0-1